000 00831nam2a22002051 4500
001 RU\NLR\A1SV\146750
005 20251214192838.0
035 _a(NLR Aleph) 011343156
090 _a13492830
_c13492830
100 _a20170302d1924 u y0rusy50 ca
101 0 _arus
200 1 _aК теории трудовой школы
_fПабст А.
_cНачальное обучение
_fРесгер К.
215 _a68 с.
_cил.
461 1 _1001RU\NLR\A1SV\146748
_12000#$vВып.1
_911203475
_cМ.
_d[1924]
_fПабст А., Ресгер К., Бец К., Лангутт М., Штюблер Г. и др.
_nГос. изд-во
_oСб. ст.
_tТеория и практика трудовой школы в Германии
_vВып.1
801 0 _aRU
_bNLR
_c20170302
852 _aNLR
942 _cBOOK
980 _aA1SV
980 _aNB